| 000 | 00517 a2200181 4500 | ||
|---|---|---|---|
| 003 | OSt | ||
| 005 | 20240205102612.0 | ||
| 008 | 240205b |||||||| |||| 00| 0 eng d | ||
| 020 | _a9789357420662 | ||
| 040 | _coclc | ||
| 082 |
_a928.9 _bSHU/S |
||
| 100 |
_aShukoor, P. M _910370 |
||
| 245 |
_aSethu Ezhuthu Jeevitham Abhimukham / _cP. M. Shukoor |
||
| 250 | _a1st ed. | ||
| 260 |
_aKOZHIKODE: _bOLIVE PUBLICATION, _c2023. |
||
| 300 | _a512P. | ||
| 942 |
_2ddc _cBK _h928.9 _iSHU/S _k928.9 _mSHU/S |
||
| 999 |
_c44269 _d44269 |
||